Contribution to the study and evaluation of new germplasm for use in Hevea genetic improvement (Record no. 56285)

MARC details
000 -LEADER
fixed length control field 00525nam a2200169Ia 4500
100 ## - MAIN ENTRY--AUTHOR NAME
Personal name Nicolas D
245 #0 - TITLE STATEMENT
Title Contribution to the study and evaluation of new germplasm for use in Hevea genetic improvement
260 ## - PUBLICATION, DISTRIBUTION, ETC. (IMPRINT)
Name of publisher Hevea 88: IRRDB, 2 August to 7 November 1988, Paris. pp.335-352.
650 ## - SUBJECT ADDED ENTRY--TOPICAL TERM
Topical Term Germplasm
650 ## - SUBJECT ADDED ENTRY--TOPICAL TERM
Topical Term Hevea clones
650 ## - SUBJECT ADDED ENTRY--TOPICAL TERM
Topical Term Leaf morphology
650 ## - SUBJECT ADDED ENTRY--TOPICAL TERM
Topical Term Variability
700 ## - ADDED ENTRY--PERSONAL NAME
Personal name Chevallier M H
700 ## - ADDED ENTRY--PERSONAL NAME
Personal name Clement-Demange A
942 ## - ADDED ENTRY ELEMENTS (KOHA)
Koha item type Journals
Holdings
Withdrawn status Lost status Damaged status Not for loan Home library Current library Shelving location Date acquired Koha item type
      Journals RRII Library RRII Library Germaplsm 17/12/2021 Journals